000 00502nam a2200181Ia 4500
003 GCL
008 140319s9999 xx 000 0 ara d
040 _aGCL /
_cGCL
082 0 4 _a412
_bا د
100 1 _aابراهيم انيس
245 1 0 _aدلالة الالفاظ /
_cابراهيم انيس
260 _a[S.N] :
_bمكتبة الانجلوالمصرية ،
_c1991
300 _a267 ص
490 _a
650 0 4 _aالالفاظ
650 0 4 _aاللغة العربية
942 _2ddc
_cBK
999 _c31764
_d31764